| Tag |
First Indicator |
Second Indicator |
Subfields |
| LEADER |
00000cam a2200000 i 4500 |
| 001 |
in00003492607 |
| 005 |
20210430160023.0 |
| 006 |
m o d f |
| 007 |
cr b|||||a|||| |
| 008 |
140822s2014 dcua ob f000 0 eng c |
| 035 |
|
|
|a (OCoLC)ocn888406343
|
| 042 |
|
|
|a pcc
|
| 043 |
|
|
|a n-us---
|
| 040 |
|
|
|a GPO
|b eng
|e rda
|e pn
|c GPO
|d GPO
|d COO
|d OCLCO
|d GPO
|d MvI
|
| 049 |
|
|
|a WWW
|
| 050 |
1 |
4 |
|a KF27
|b .E5546 2012j
|
| 074 |
|
|
|a 1019-C-01 (online)
|
| 086 |
0 |
|
|a Y 4.C 73/8:112-181
|
| 088 |
|
|
|a Serial no. 112-181 (United States. Congress. House. Committee on Energy and Commerce)
|
| 110 |
1 |
|
|a United States.
|b Congress.
|b House.
|b Committee on Energy and Commerce.
|b Subcommittee on Oversight and Investigations,
|e author.
|
| 245 |
1 |
4 |
|a The fungal meningitis outbreak :
|b could it have been prevented? : hearing before the Subcommittee on Oversight and Investigations of the Committee on Energy and Commerce, House of Representatives, One Hundred Twelfth Congress, second session, November 14, 2012.
|
| 264 |
|
1 |
|a Washington :
|b U.S. Government Printing Office,
|c 2014.
|
| 300 |
|
|
|a 1 online resource (iii, 293 pages) :
|b illustration
|
| 336 |
|
|
|a text
|b txt
|2 rdacontent
|
| 337 |
|
|
|a computer
|b c
|2 rdamedia
|
| 338 |
|
|
|a online resource
|b cr
|2 rdacarrier
|
| 500 |
|
|
|a Title from title screen (viewed on Aug. 22, 2014).
|
| 500 |
|
|
|a Paper version available for sale by the Superintendent of Documents, U.S. Government Printing Office.
|
| 504 |
|
|
|a Includes bibliographical references.
|
| 500 |
|
|
|a "Serial No. 112-181."
|
| 650 |
|
0 |
|a Meningitis
|z United States
|x Prevention.
|
| 650 |
|
0 |
|a Drugs
|x Dosage forms
|x Health aspects
|z United States.
|
| 650 |
|
0 |
|a Drug factories
|x Inspection
|z United States.
|
| 650 |
|
0 |
|a Pharmaceutical industry
|x Government policy
|z United States.
|
| 655 |
|
7 |
|a Legislative hearings.
|2 lcgft
|
| 776 |
0 |
8 |
|i Print version:
|a United States. Congress. House. Committee on Energy and Commerce. Subcommittee on Oversight and Investigations.
|t Fungal meningitis outbreak
|w (DLC) 2014406659
|w (OCoLC)889238489
|
| 776 |
0 |
8 |
|i Microfiche version:
|a United States. Congress. House. Committee on Energy and Commerce. Subcommittee on Oversight and Investigations.
|t Fungal meningitis outbreak
|w (OCoLC)896878622
|
| 856 |
4 |
0 |
|u https://purl.fdlp.gov/GPO/gpo51505
|t 0
|
| 856 |
4 |
0 |
|u http://purl.fdlp.gov/GPO/gpo51505
|t 0
|
| 999 |
f |
f |
|s ae896f6e-6cf1-3586-a888-fc2ae3e27faa
|i c3b97bcb-e418-32e5-9131-98fd1a324b52
|t 0
|
| 952 |
f |
f |
|a Texas A&M University
|b College Station
|c Electronic Resources
|d Available Online
|t 0
|e Y 4.C 73/8:112-181
|h Superintendent of Documents classification
|
| 998 |
f |
f |
|a Y 4.C 73/8:112-181
|t 0
|l Available Online
|